000 00539nam a2200193 a 4500
003 AM-YEHGA
040 _aAM-YeHGA
090 _c460336
001 000287951
005 20250618075351.0
008 031126s1911 ai 000 | arm d
041 0 _aarm
100 1 _aՆար-Դոս,
_d1867-1933
_91453
245 1 0 _aՊայքար :
_bՎէպ /
_cՆար-Դոս.
260 _aԹիֆլիս :
_bտպ. Կուլտուրա,
_c1911.
300 _a320 էջ ;
_c17 սմ.
650 1 4 _aՀայ գրականություն
_xՎեպ
942 _2udc
_cBK
999 _c457295
_d457295